000 00381nam a2200169Ia 4500
001 10716
003 IN-NITTTR
005 20251114233100.0
008 251113s9999||||xx |||||||||||||| ||eng||
040 _beng
040 _cIN-NITTTR
041 _aeng
082 _aR624.17 S61S
100 _aSchodek, Daniel L.
245 0 _aStructures /
_cSchodek, Daniel L.
942 _2ddc
_cBK
999 _c13352
_d13352